The Chalenge of employment

Salvato in:
Dettagli Bibliografici
Autore principale: Vuskovic, Pedro
Natura: Libro
Lingua:inglese
Pubblicazione: México Colegio Nacional de Economistas 1980
Tags: Aggiungi Tag
Nessun Tag, puoi essere il primo ad aggiungerne!!

MARC

LEADER 00000nam a2200000 4500
001 c140819
005 20041019155320.1
041 0 |a eng 
044 |a MX 
245 1 0 |a The Chalenge of employment  |c Pedro Vuskovic 
264 1 |a México  |b Colegio Nacional de Economistas  |c 1980 
300 |a 48 s. 
100 1 |a Vuskovic, Pedro